World of Wakara (Бичлэгийн дугаар. 145722)
| 000 -УДИРДЛАГА | |
|---|---|
| Удирдлага | 01621nam a22002897a 4500 |
| 003 - ХЯНАЛТЫН ТОО ТОДОРХОЙЛОГЧ | |
| Код | MN-UlNUM |
| 005 - БИЧИЛТ ХИЙСЭН ОГНОО | |
| Тухайн бичилтийг бичсэн засварласан сүүлийн огноо | 20251124154204.0 |
| 008 - ЕРӨНХИЙ МЭДЭЭЛЭЛ | |
| Ерөнхий мэдээлэл | 251124s1962 txuab b 000 0 eng |
| 040 ## - БИЧЛЭГ ҮҮСГЭГЧ БАЙГУУЛЛАГА | |
| Бичлэг үүсгэгч номын сангийн код | МУИС-ийн номын сан |
| 084 ## - ББК АНГИЛАЛ | |
| Нэмэлт тусгалт | Нэг сэдэвт бүтээл |
| ББК ангилал | 63.3(7) |
| Зохиогчийн гурван тэмдэгт | S 72 |
| Мэдлэгийн ялгаа | 63 - Түүх |
| 100 1# - ЗОХИОГЧ | |
| Зохиогчийн нэр | Sonne, Conway |
| 245 10 - ҮНДСЭН ГАРЧИГ | |
| Номын нэр | World of Wakara |
| Оролцогчдын тухай мэдээ | Illus. by Tom Jones and George Hughey |
| 260 ## - ГАРАЛТЫН МЭДЭЭ | |
| Хэвлэгдсэн газар | San Antonio |
| Хэвлэлийн газар | Naylor Co |
| Хэвлэгдсэн он | 1962 |
| 300 ## - МАТЕРИАЛЫН ТОДОРХОЙЛОЛТ | |
| хуудасны тоо | 235 p. |
| Бусад тоон мэдээлэл | illus. |
| Хэмжээ | 22 cm |
| 500 ## - Тайлбар | |
| Дансны дугаар | БС 4012 |
| 505 ## - Агуулгын тэмдэглэгээ | |
| Агуулгын тэмдэглэгээ | World of Wakara is a historical narrative about Chief Wakara, a famous leader of the Ute people in the American West during the early to mid-1800s. The book describes the world he lived in—its culture, conflicts, and rapid changes brought by the arrival of white settlers, missionaries, and traders. The author shows Wakara as a skilled horseman, trader, and diplomat, but also a man caught between two worlds: the traditional life of his people and the growing influence of American expansion into the West. The story covers major themes such as: relationships between Native American tribes and settlers the struggle for land and survival cultural misunderstandings trade, migration, and frontier life in Utah and surrounding regions The book mixes history, legend, and storytelling to paint a picture of the environment, daily life, and dramatic events of Wakara’s time. |
| 546 ## - ХЭЛНИЙ ТУХАЙ МЭДЭЭ | |
| Хэл | Англи хэл дээр, |
| 653 ## - Түлхүүр үг | |
| Түлхүүр үг | ute Indians |
| 653 ## - Түлхүүр үг | |
| Түлхүүр үг | frontier and pioneer life |
| 653 ## - Түлхүүр үг | |
| Түлхүүр үг | wars |
| 740 ## - НОМЫН ГАРЧИГ | |
| Гарчиг | World of Wakara |
| 740 ## - НОМЫН ГАРЧИГ | |
| Гарчиг | Royal Family |
| 740 ## - НОМЫН ГАРЧИГ | |
| Гарчиг | A Reckless Breed |
| 942 ## - ЭЛЕМЕНТИЙН ТӨРӨЛ | |
| Зүйлийн төрөл | Ном |
